000 00992nam a2200217Ia 4500
001 243-COM an bu (16972)
003 IT-MiSPE
008 171229s9999||||xx |||||||||||||| ||und||
040 _aIT-MiSPE
_cIT-MiSPE
041 _aITALIANO
100 _aAngelo Comastri
245 0 _aNel buio brillano le stelle
_bStorie di conversioni nel XX secolo
250 _a1a ed. (v)
260 _aCinisello B.mo
_bSan Paolo
_c2005
300 _a149 p.
_c22 cm
490 _aAttualità e storia
_v60
501 _aEdizioni San Paolo srl - Piazza Soncino, 5 - 20092 CINISELLO BALSAMO (MI) (non commercial uses only) ® Copyright 2018
942 _cBK
957 _71
999 _a3355
_bNO
_g Copie: 1
_c342340
_d342340